| 000 | 01089cab a22002175a 4500 | ||
|---|---|---|---|
| 001 | L138234 | ||
| 008 | 070523e20070519xxkdo f 000 0 eng d | ||
| 035 | _a(Sirsi) u138234 | ||
| 041 | 0 | _aeng | |
| 100 | 1 | _aMeadwell, Stacey | |
| 245 | 0 | 0 |
_aFocus _bEdinburgh |
| 260 | _c2007 | ||
| 490 |
_aEstates Gazette _v(0720) 19 May 2007, 119-137(12) |
||
| 520 | _aReports on the council's aims to rebalance the east and west ends of the main retail area. Analyses the main pedestrian flow in these areas. The financial sector is analysed, and some warning signs are noted. The introduction of a tram network for the north of the city has been delayed, creating some uncertainty. The council's framework for development up to 2015 is considered. The Caltongate area's proposed development must not affect the city's world status. Agents are attempting to attract industrial developers back to the area. | ||
| 590 | _aKA | ||
| 651 | 4 |
_aScotland _y1999- |
|
| 690 | _aPROPERTY-COMMERCIAL PROPERTY-COMMERCIAL PROPERTY MARKET | ||
| 700 | 1 | _aBaker, Colin | |
| 700 | 1 | _aMorrison, Adrian | |
| 942 | _n0 | ||
| 999 |
_c78829 _d78829 |
||